000 00571nam a2200181Ia 4500
999 _c34554
_d34554
003 OSt
005 20200825125149.0
008 190216s9999||||xx |||||||||||||| ||und||
020 _a9788120348585
040 _coclc
082 _a539
_bYAD/M
100 _aYadav, R R
_94334
245 0 _aModern Physics For Scientists and Engineers /
_cR R Yadav ; Devraj Singh ; Sunil P Singh ; Dharmendra K Pandey
260 _bPhi Learning Private Limited,
_c2014.
_aDelhi:
300 _a528p
650 _aPhysics
942 _cBK
_2ddc
_h539
_iYAD/M
_k539
_mYAD/M